Adivina la letra (Milo j / Nicki Nicole) - Estadísticas

Estadísticas generales
  • Esta prueba ha sido intentada 71 veces
    65 desde el último reinicio
  • La puntuación promedio es 10 de 16
Estadísticas de respuestas
Letra % Correcto
Así que {dis-dispara}, apúntame, {dispara} / Que no sea de espalda, sino cara a cara / Yo no busco pleito', hablan mierda y nada / Ahora estoy de frente, así que {dis-dispara}
90%
Hoy las luces se apagan en tu nombre / Eras cielo y te fuiste con la oscuridad / Ya no hay sol ni luna que te {alumbre}
90%
Cuando se llenó la luna, vi tu rostro en una estrella / Y en cuanto comprendí lo bella que es, sentí yo no estar a la altura / Con vo' entendí que nadie es perfecto, por tus {carencias} {de} {cordura} / Pero es que son tus mismos dеfecto' que te hacеn ser una ternura
80%
El destino me abraza en la morning / Con los dientes color {alioli} / Paz en la mind / Pero la night sí se siente lonely
80%
Dios, dame tu mano {milagrosa} / El humo 'e la Mary Jane me hizo olvidarme 'e las cosa' / Intenté ama-a-ar, me salió ma-a-al
78%
Tengo unos tatuajes {bajo} {de} {la} {piel} / Que no cicatrizaron y otros se reencarnan / No me siento propio y al ver el ocaso / Quise ir más despacio
78%
Cuando se levanta, sale con el alba y / Quiero despertar, arropado en {tu} {manta} / Sé que el mundo es bruto, y ya sufriste mucho
76%
Sigo siendo el mismo que te enamoró pero sin ser dueño / Del {olimpo} en el que estábamo' los do', solo fuiste un sueño / Sigo siendo el mismo que te enamoró pero sin ser dueño
76%
Negra, {rara} {vez} te vi bien estando con aquel / No lo sé, no me vo'a a meter, pero te noté algo mentirosa / Cuando te besé sentí que vos sentiste cosa' / Entonces supe que
71%
'Toy pendiente al final del tiempo, bardeé pero 'toy sonriendo / Soy {hippie} aunque no parezco, mismos ñeris, mi momento / Sigo en punga a lo lobo hambriento, ganando te vas perdiendo
66%
Te arrepentís y te morís por verme / Pero, baby, no me duele más, se marchitaron las rosas / Suerte encontrándome en otros {ojos} {verdes}
49%
{Wapo} {traketero} / Siempre quiere verme / Y dice que es un santo / Pero es un delincuente
32%
'Toy clean in my business / 'Toy enfocá' en hacer money / 'Toy sobrá'y solo tengo {veinti} / ¿Quiere' verme esta noche? Follow me
27%
{Caen} ya {las} {estrellas} y no estás (Uh-uh) / Yo te lo di to' / Yo te lo di todo (Yo te lo di) / Sin ti yo no quiero brillar (Uh-uh)
24%
He {perdido} un amor / Se ha lleva'o el color del sol / Se ha apiadado de mí / Me ha dejado aquí
22%
Y es que {si} {vos} {me} {lo} {pedís} / Bajo la luna y el sol solo pa' ti / Ya no tengo corazón, ya me curtí / Dime cuándo va' a volver aquí
20%
No se encontraron pruebas coincidentes
Distribución de puntuación
Porcentaje de gente con cada puntuación
Porcentaje por número respondido
Historial de tus puntuaciones
No has intentado esta prueba desde el último reinicio